Personnages Harry Potter sans voyelles #3 - Statistiques

Statistiques générales
  • Ce quiz a été pris 253 fois
  • Le résultat moyen est 14 sur 20
Statistiques - réponses
Indices Réponses % Correct
RN WSL Ron Weasley
100%
VKTR KRM Viktor Krum
94%
PTR PTTGRW Peter Pettigrow
88%
RWN SRDGL Rowena Serdaigle
81%
NGN Nagini
80%
VNCNT CRBB Vincent Crabbe
80%
LVND BRWN Lavande Brown
79%
NMPHDR TNKS Nymphadora Tonks
77%
HRC SLGHRN Horace Slughorn
75%
GRPSC Gripsec
73%
BTHLD TRDSC Bathilda Tourdesac
71%
LSTR MGR Alastor Maugrey
64%
KRTTR Kreattur
63%
PNS PRKNSN Pansy Parkinson
59%
FRNZ Firenze
56%
PMN CHRV Pomona Chourave
53%
QRNS QRLL Quirinus Quirell
47%
RFS SCRMGR Rufus Scrimgeour
47%
STN RCD Stan Rocade
41%
RN BBN Renee Bibine
28%
Aucun quiz correspondant
Distribution des résultats
% des personnes avec chaque résultat
Percentile par nombre de réponses
Votre historique - résultats
Vous n’avez pas pris ce quiz